000 00873akm a2200277a 44500
008 020418s2002 cat
041 _acat
080 _a664.6(038)
110 _aValència. Diputació. Àrea de Cultura. Promoció Lingüística del Valencià
_970727
245 _aEl salat
_h[cartell]
_cDiputació de València. Promoció Lingüística del Valencià
260 _a[València]
_bDiputació de València. Àrea de Cultura. Promoció Lingüística del Valencià
_c2002
300 _bil.
500 _btermcat
520 _a10
591 _a7477
592 _aObra terminològica
593 _aKRE
594 _a7477
650 _aproductes de pastisseria
_963868
901 _c[<2002>]
902 _a020418
942 _cMO
_n0
_2ddc
999 _c61184
_d61184